Análisis del equipo de recolección de desechos sólidos en la Municipalidad de San José
Sparad:
| Huvudupphovsman: | |
|---|---|
| Materialtyp: | Bok |
| Publicerad: |
San José, Costa Rica
1993
|
| Ämnen: | |
| Taggar: |
Lägg till en tagg
Inga taggar, Lägg till första taggen!
|
MARC
| LEADER | 00000nam a2200000Ia 4500 | ||
|---|---|---|---|
| 003 | 006070 | ||
| 005 | 20221231144316.0 | ||
| 008 | 140114s1993 cr a m 000 ||s d | ||
| 040 | |c cru CEDI | ||
| 090 | |a TFG 2749 | ||
| 100 | |a Mora Víquez, Larry |9 12093 | ||
| 245 | |a Análisis del equipo de recolección de desechos sólidos en la Municipalidad de San José | ||
| 260 | |c 1993 |a San José, Costa Rica | ||
| 300 | |a v, 174 hojas : ilustraciones ; 28 cm. | ||
| 500 | |a Proyecto de graduación (licenciatura en ingeniería civil)--Universidad de Costa Rica. Facultad de Ingeniería. Escuela de Ingeniería Civil | ||
| 650 | |x BASURAS Y APROVECHAMIENTO DE BASURAS - EQUIPO |9 12094 | ||
| 942 | |c TFG | ||
| 999 | |c 19940 |d 19940 | ||
